00519nam a2200157Ia 4500003000900000005001700009008004100026040003300067041000800100080001400108100002000122245010300142246003800245260003100283300004700314LK-CoDNM20240129131438.0010623t1908 xxu||||| |||| 00| 1 sin d aLK-CoDNMdLK-CoDNMeLK-CoDNM asin a104b N 2 aPerera,Tiador.G aබ්‍රිතාන්‍ය අධිරාජ්‍යයයේ භූගෝලය aA Geogrophy of the British Empire bSatsiluminaaColomboc1908 b, 21Palm leaf,Foll 2,11 1/4in.x2 1/4in. cm